Statistics for 2016 Summer Olympics Sports

Click here to take the quiz!

General Stats

  • This quiz has been taken 120 times
  • The average score is 19 of 31

Answer Stats

Sports % Correct
Swimming
98%
Football
82%
Basketball
79%
Archery
77%
Volleyball
76%
Cycling
76%
Athletics
72%
Gymnastics
70%
Shooting
68%
Rowing
68%
Tennis
67%
Badminton
66%
Diving
63%
Equestrian
63%
Table Tennis
61%
Wrestling
61%
Judo
61%
Boxing
60%
Field Hockey
57%
Fencing
56%
Waterpolo
56%
Handball
56%
Rugby
55%
Golf
53%
Sailing
50%
Canoeing
50%
Weightlifting
50%
Beach Volleyball
48%
Taekwondo
44%
Triathlon
41%
Modern Pentathlon
28%

Score Distribution

Percentile by Number Answered

Percent of People with Each Score

Your Score History

You have not taken this quiz